| 000 | 00464nam a2200169Ia 4500 | ||
|---|---|---|---|
| 003 | GCL | ||
| 008 | 140319s9999 xx 000 0 ara d | ||
| 040 |
_aGCL / _cGCL |
||
| 082 | 0 | 4 |
_a214 _bس ا |
| 245 | 1 | 0 | _aالاسلام وثقافة الانسان |
| 260 |
_a[S.N] : _bدار الكتاب اللبنانى ، _c1982 |
||
| 490 | _a | ||
| 650 | 0 | 4 | _aالعقيدة |
| 650 | 0 | 4 | _aالثقافة الاسلامية |
| 650 | 0 | 4 | _aالثقافة |
| 942 |
_2ddc _cBK |
||
| 999 |
_c54363 _d54363 |
||